| 000 | 00545nam a2200181Ia 4500 | ||
|---|---|---|---|
| 005 | 20230405104750.0 | ||
| 008 | 131103s9999 xx 000 0 und d | ||
| 020 | _a041517721 5 | ||
| 040 | _aLoreto College | ||
| 041 | _aEnglish | ||
| 082 |
_a823.08 _bMUR |
||
| 245 |
_aMurder on trial _b courtroom mysteries from Ellery Queen's mystery magazine and Alfred Hitchcock's mystery magazine _cedited by Cynthia Manson |
||
| 260 |
_aNew York _bPenguin Book _c1974 |
||
| 300 | _a256 p. | ||
| 440 | _aA signet Book | ||
| 850 | _aLCLIB | ||
| 942 | _cBK | ||
| 999 |
_c4666 _d55145 |
||